LEADER 01193nam a2200277 u 4500 001 000000121017 003 CaOOAMICUS 005 20100407133621.0 008 100407t1987 it d u000 u ita r 020 $a88-263-0577-3 040 $aPUL$bita$dMCT 245 00$aAspetti epistemologici dello spazio e del tempo /$ca cura di Giovanni Boniolo ; presentazione di Dario Antiseri. 260 $aRoma :$bBorla,$cİ1987. 300 $a225 p. :$bgrafici ;$c20 cm. 490 1 $aEpistemologia contemporanea 504 $aBibliografia : p. 212-224. 650 4$aEpistemologia.$0(OLS)http://pul/subject/439 700 1 $aAntiseri, Dario,$d1940-$0(OLS)http://pul/name/1978 700 1 $aBoniolo, Giovanni.$0(OLS)http://pul/name/47947 830 0$aEpistemologia contemporanea.$0(OLS)http://pul/title/58856 850 $aPUL 852 $aPUL$W1$xDP1 Filosofia 1$y19$m587 L 51$j138750$qStampati$B137995$CPULBib$Z2$F137995 $H65423 $82 941 1 $a8 996 $6020$a88-263-0577-3$9(OLS)http://pul/number/143736 996 $6245$aAspetti epistemologici dello spazio e del tempo$9(OLS)http://pul/title/152196 996 $6260$aRoma :$bBorla$9(OLS)http://pul/publisher/48061 LEADER 01141nam a2200277 a 4500 001 000000126810 003 CaOOAMICUS 005 20111104123621.0 008 111104s2006 it abc u000 u ita r 020 $a88-16-60351-8 040 $aPUL$bita 082 04$a282.09 100 1 $aSicari, Antonio Maria.$0(OLS)http://pul/name/80895 245 10$aAtlante storico dei grandi santi e dei fondatori /$cAntonio M. Sicari. 260 $aMilano :$bJaca Book,$cİ2006. 300 $a259 p. :$bill., c. geogr., ritr. ;$c31 cm. 500 $aInclude riferimenti bibliografici e indice. 650 4$aSanti$xStoria$vOpere artistiche.$0(OLS)http://pul/subject/38329 850 $aPUL 852 $aPUL$W1$xSL Religione 3$y85$m282. 09 SICAN 1$j146633$qDDC 21$B145331$CPULBib$Z2$F145331 $H118344 $82 941 1 $a9 996 $6020$a88-16-60351-8$9(OLS)http://pul/number/148365 996 $6082$a282.09$9(OLS)http://pul/classification/524 996 $6245$aAtlante storico dei grandi santi e dei fondatori$9(OLS)http://pul/title/160200 996 $6260$aMilano :$bJaca Book$9(OLS)http://pul/publisher/47900